| 000 | 00793nam a2200301Ia 4500 | ||
|---|---|---|---|
| 001 | 11322 | ||
| 003 | IT-RoPAU | ||
| 008 | 130308s9999 xx 000 0 und d | ||
| 040 | _aIT-RoPAU | ||
| 040 | _cIT-RoPAU | ||
| 041 | _aITALIANO | ||
| 100 | _aCederna Camilla | ||
| 100 | _gCodice Aut. SPICS: 8227 | ||
| 245 | _aBella confusione (La) | ||
| 245 | _bOtto e Mezzo | ||
| 250 | _a1a ed. | ||
| 260 | _aBOLOGNA | ||
| 260 | _bCappelli | ||
| 260 | _c1965 [1° Ed.:1965 - Ed.Ling.Originale:1965] | ||
| 300 | _a"70 p. (prefazione: no ; testo: 70 [pagine: 15-85])" | ||
| 500 | _aStoria e Testimonianza Sul Film Otto e mezzo di Fellini | ||
| 650 | _aAUTORI/OPERE DEL CINEMA | ||
| 650 | _eCodice materia Spics: 6807 | ||
| 942 | _cBK | ||
| 957 | _71 | ||
| 999 |
_c52473 _d52473 |
||
| 999 | _bSI | ||
| 999 | _g1 | ||